PinkPantheress - Stateside + Zara Larsson - Statistics

General Stats
  • This quiz has been taken 132 times
    102 since last reset
  • The average score is 341 of 464
Answer Stats
Answer % Correct
I
99%
a
96%
my
96%
I'm
95%
to
95%
be
94%
boy
94%
me
92%
you
91%
girl
90%
Swedish
90%
that
90%
stateside
88%
American
87%
american
87%
in
87%
been
86%
it
86%
the
86%
up
86%
your
86%
can
84%
out
83%
ego
82%
who
82%
boost
81%
do
81%
FaceTime
81%
you're
81%
for
79%
is
79%
say
79%
that's
79%
at
78%
but
78%
over
78%
on
77%
boots
75%
kissing
75%
outside
75%
what
75%
ha
74%
no
74%
Ah
73%
ah
73%
I've
73%
same
73%
yeah
73%
freezing
71%
look
71%
never
71%
headline
70%
skin
70%
so
70%
when
70%
British
69%
here
68%
inside
68%
know
68%
make
68%
don't
66%
knew
66%
met
66%
oh
66%
talking
66%
this
66%
would
66%
all
65%
and
65%
I'll
65%
into
65%
opening
65%
way
65%
are
64%
like
64%
minute
64%
tonight
64%
coat
62%
one
62%
right
62%
stay
62%
tight
62%
with
62%
before
61%
feel
61%
see
61%
time
61%
boys
60%
door
60%
next
60%
Dream
58%
LA
58%
treats
58%
control
57%
fly
57%
get
57%
how
57%
tell
57%
ain't
56%
going
56%
knocking
56%
plane
56%
trying
56%
loose
55%
schedule
55%
taking
55%
Stockholm
53%
touring
52%
take
51%
abroad
49%
can't
49%
intercontinental
49%
flying
48%
if
48%
nice
48%
tryna
48%
away
45%
flight
45%
too
45%
cause
44%
why
44%
bedside
43%
did
43%
fade
43%
now
43%
run
43%
want
43%
feelings
42%
stage
42%
hit
40%
insane
40%
maybe
40%
put
39%
through
39%
wait
39%
years
38%
where
36%
ride
35%
tracked
35%
worth
35%
sounds
34%
those
31%
work
31%
ooh
29%
worries
27%
woah
23%
land
17%
No matching quizzes found
Score Distribution
Percent of People with Each Score
Percentile by Number Answered
Your Score History
You have not taken this quiz since the last reset